000 00648nam a2200265Ia 4500
005 20260121170041.0
008 008 260114s9999 xx 000 0 eng d
020 _a9789811000836
037 _aEBOOK
040 _aCRL
040 _beng
040 _cCRL
041 _2eng
041 _aeng
084 _qCRL
100 _aFilip De Beule, K. Narayanan
_91059209
245 0 _aGlobalization of Indian Industries
260 _bSpringer
260 _bSpringer
260 _c2016
856 _uhttps://link.springer.com/openurl?genre=book&isbn=978-981-10-0083-6
942 _cEBOOK
999 _c1624938
_d1624938